Sistema europeo de justicia administrativa

Detalles Bibliográficos
Autor principal: Galera Rodrigo, Susana
Formato: Desconocido
Lenguaje:español
Publicado: Madrid : Dykinson, 2005
Materias:
Acceso en línea:Acceso restringido

MARC

LEADER 00000ny a22000003n 4500
005 20110621121734.0
006 m u
007 cr cn|||||||||
008 200607r2005 sp |||||s|||||||||||spa d
020 |a 9788497727884 
035 |a 1291 
040 |a FlNmELB  |c FlNmELB  |d vlex 
050 |a HM51  |b G154 2005eb 
080 |a 316 
090 |c 1282  |d 1282 
100 1 |a Galera Rodrigo, Susana 
245 1 0 |a Sistema europeo de justicia administrativa  |h [Recurso electrn̤ico]  |c S. Galera Rodrigo 
256 |a Servicio en ln̕ea 
260 |a Madrid :  |b Dykinson,  |c 2005 
300 |a 272 p 
506 1 |a Contenido solo disponible en los productos indicados  |d vLex Global  |d vLex Global (Academic Edition, excluding Law Schools)  |d vLex Global (U.S. Academic Edition, Law Schools)  |d vLex Global (U.S. Academic Edition, excluding Law Schools)  |d vLex Global (Academic Edition, Law Schools) 
650 0 7 |2 Tesauro vLex  |a Administrativo 
650 0 7 |2 Tesauro vLex  |a Societario 
740 0 |a vLex Libros (Servicios en ln̕ea) 
856 4 0 |z Acceso restringido  |u http://vlex.com/source/1291 
942 |c BOOK